00470nam a2200133Ia 4500008004100000100002500041245009700066245002500163260005300188260000900241300001000250650001500260856006100275170221s9999 xx 000 0 und d aWinfred O. Goromonzi aOrganizational Culture, Strategy Implementation and Commercial Bank Performance in Zimbabwe  cWinfred O. Goromonzi bInternational Review of Management and Marketing c2016 a6 : 2 xMarketing. uhttp://www.econjournals.com/index.php/irmm/issue/view/72